Score 0/18 Timer 03:00
0 Plays Today
Mixed Word Cookies % Correct
AETTea
98.9%
ROOEOreo
97.1%
LACBK & IHTWEBlack & White
96.5%
NIHT TIMNThin Mint
95.5%
TEOCHOCLA CIHPChocolate Chip
95%
AMACDMAIA TUNMacadamia Nut
90.5%
GIF WTEONNFig Newton
89.3%
REGGIN NAPSGinger Snap
88.6%
GUARSSugar
88.1%
Mixed Word Cookies % Correct
SERNDOODICKLESnickerdoodle
84.4%
NUPTEA TTBERUPeanut Butter
83.5%
AAMOSSamoa
82%
PIESCSpice
73.7%
MEAOALT IISNRAOatmeal Raisin
65.8%
BREGERGINDAGingerbread
52.1%
MASOSESLMolasses
47.9%
TUFNEORFortune
35.9%
CMASHSITRChristmas
20.6%

You're not logged in!

Compare scores with friends on all Sporcle quizzes.
OR
Log In

Sporcle TV

Today on Sporcle TV


Watch our educational content, quiz creation guides, and fun videos on Sporcle TV.

Show Comments

Extras

Top Quizzes Today


Score Distribution

Your Account Isn't Verified!

In order to create a playlist on Sporcle, you need to verify the email address you used during registration. Go to your Sporcle Settings to finish the process.

Report this User

Report this user for behavior that violates our Community Guidelines.

Details: